What you see and what you net (Record no. 65331)

MARC details
000 -LEADER
fixed length control field 01450cam a2200277 4500
001 - CONTROL NUMBER
control field ABS63175
008 - FIXED-LENGTH DATA ELEMENTS--GENERAL INFORMATION
fixed length control field 000000n2000 000 0 eng u
035 ## - SYSTEM CONTROL NUMBER
System control number (Sirsi) u109445
100 ## - MAIN ENTRY--PERSONAL NAME
Personal name Smit, J
245 ## - TITLE STATEMENT
Title What you see and what you net
260 ## - PUBLICATION, DISTRIBUTION, ETC.
Date of publication, distribution, etc. 2000
490 ## - SERIES STATEMENT
Series statement Building Homes
Volume/sequential designation November 2000, 28-29(2)
520 ## - SUMMARY, ETC.
Summary, etc. Discusses the presence of housebuilder websites on the internet, and considers whether they can improve the housebuying process for consumers. Analyses results from the TTA Public Relations survey, commissioned to provide insight into the nations webshopper habits. Key findings indicate that while consumers are happy to search the internet for general information regarding a new home, they are much less prepared to purchase online, due to the complexity of the housebuying process. Concludes that housebuilders websites should be more informative, rather than just focusing on the product. A summary of the TTA shopping and homes survey is available free of charge from TTA Public Relations, tel: 020 8770 9720. Tables.
590 ## - LOCAL NOTE (RLIN)
Local note ABS
650 ## - SUBJECT ADDED ENTRY--TOPICAL TERM
Topical term or geographic name entry element WEBSITES
650 ## - SUBJECT ADDED ENTRY--TOPICAL TERM
Topical term or geographic name entry element INTERNET
650 ## - SUBJECT ADDED ENTRY--TOPICAL TERM
Topical term or geographic name entry element SEARCHING
650 ## - SUBJECT ADDED ENTRY--TOPICAL TERM
Topical term or geographic name entry element HOUSE BUILDERS
650 ## - SUBJECT ADDED ENTRY--TOPICAL TERM
Topical term or geographic name entry element SURVEYS
650 ## - SUBJECT ADDED ENTRY--TOPICAL TERM
Topical term or geographic name entry element PROPERTY-RESIDENTIAL PROPERTY-ACQUISITION AND DISPOSAL OF RESIDENTIAL PROPERTY
650 ## - SUBJECT ADDED ENTRY--TOPICAL TERM
Topical term or geographic name entry element HOMEBUYERS
650 ## - SUBJECT ADDED ENTRY--TOPICAL TERM
Topical term or geographic name entry element NEW HOMES
650 ## - SUBJECT ADDED ENTRY--TOPICAL TERM
Topical term or geographic name entry element HOUSE PURCHASE
690 ## - LOCAL SUBJECT ADDED ENTRY--TOPICAL TERM (OCLC, RLIN)
Topical term or geographic name as entry element INFORMATION TECHNOLOGY-INTERNET
942 ## - ADDED ENTRY ELEMENTS (KOHA)
Suppress in OPAC 0
Holdings
Withdrawn status Lost status Source of classification or shelving scheme Damaged status Not for loan Home library Current library Shelving location Date acquired Total Checkouts Full call number Barcode Date last seen Copy number Price effective from Koha item type
    Dewey Decimal Classification     London London Journal article 22/11/2000   ABS63175 109445-1001 06/08/2019 1 06/08/2019 Journal article